Coupe du Monde 2022: les 32 sélectionneurs - Statistiques

Statistiques générales
  • Ce quiz a été pris 141 fois
  • Le résultat moyen est 23 sur 32
Statistiques - réponses
Réponse % Correct
France
99%
Espagne
97%
Allemagne
91%
Pays-Bas
89%
Angleterre
88%
Sénégal
87%
Portugal
86%
Brésil
85%
Croatie
85%
Pologne
84%
Argentine
83%
Belgique
80%
Japon
78%
Arabie Saoudite
77%
Danemark
76%
Maroc
76%
Cameroun
74%
Serbie
73%
Uruguay
67%
Mexique
64%
Tunisie
64%
Canada
63%
Qatar
60%
Equateur
59%
Etats-Unis
59%
Iran
59%
Pays de Galles
59%
Ghana
58%
Australie
57%
Corée du Sud
55%
Suisse
54%
Costa Rica
52%
Aucun quiz correspondant
Distribution des résultats
% des personnes avec chaque résultat
Percentile par nombre de réponses
Votre historique - résultats
Vous n’avez pas pris ce quiz